000 01244nam a2200349 a 4500
001 2079
003 FISKH
005 20231106092803.0
008 930202s1993 nyua j 000 1 eng
010 _a 92075987
020 _a0307301192
020 _a033500980503
040 _aDLC
_cDLC
_beng
042 _alcac
050 0 0 _aPZ7.W88784
_bMj 1993
082 0 0 _220
100 1 _aWorth, Bonnie.
245 1 0 _aMuppet babies, be nice! /
_cby Bonnie Worth ; illustrated by David Prebenna.
260 _aNew York :
_bGolden Book,
_c1993.
300 _a24 unnumbered pages :
_bcolor illustrations ;
_c15 cm
490 0 _aA first little golden book
505 _aF
520 _aA Muppet babies story about how to be nice when you're playing outside. The story features Baby Kermit, Baby Piggy, Baby Fozzie, Baby Gonzo, Baby Rowlf, Baby Scooter and Baby Skeeter from the new 2018 Disney Jr. television series Muppet Babies.
521 8 _a300
_bLexile estimate
521 8 _aF
_bRaz-Plus
650 1 _aConduct of life
_xFiction.
650 1 _aEtiquette
_xFiction.
650 1 _aPuppets
_xFiction.
700 1 _aPrebenna, David,
_eillustrator
906 _a7
_bcbc
_corignew
_d2
_eopcn
_f19
_gy-gencatlg
942 _2ddc
_cBK
_n0
999 _c2079
_d2079